Word Ladder: What in the Sam Hill? Quiz Stats

Quiz Updated Mar 2, 2015

Challenge
Share
Tweet
Embed
Score 0/39 Timer 04:00
1 Play Today
Hint 4-Letter Word % Correct
This holds up your pantsBELT
97.1%
The water protecting a castleMOAT
96.9%
Naval vehicleBOAT
96.7%
Philadelphia's Liberty ___BELL
96.5%
Sombreros or berets, e.g.HATS
96.2%
The Devil's abodeHELL!
96%
DespiseHATE
95.9%
Truth or ___DARE
95.4%
Vermin used for lab experimentsRATS!
94.6%
Smallest in the litterRUNT
94.5%
A sandy hillDUNE
92.7%
Have supperDINE
92%
Put your car in a lotPARK
92%
Fill a suitcasePACK
91.6%
Impudent childBRAT
91.5%
Beckham's Spice GirlPOSH
90.8%
Light-favoring insectMOTH
90.3%
Someone from CopenhagenDANE
90.1%
Monty of 'Let's Make a Deal'HALL
88.2%
An ancient characterRUNE
87.8%
Hint 4-Letter Word % Correct
____-Bopp cometHALE
87.6%
TiradeRANT
87.4%
To mend socks, maybe?DARN!
86.5%
Napoleon Dynamite's expletiveGOSH!
85.9%
One wearing black?GOTH
85.6%
NY or DC paperPOST
85.4%
___ the HoopleMOTT
85.4%
An annoyer or annoyancePEST
85%
A work benefitPERK
84.7%
Top of the heapBEST
84.3%
'Round and Round' bandRATT
82%
Expletive from Dick DastardlyDRAT!
80.8%
Actress Laura or BruceDERN
78.3%
A tiny dentDING
74.6%
A type of seabirdTERN
70.8%
China e-commerce giant when doubledDANG!
69.4%
A taxi driverHACK
68.6%
Tarzan's gorilla friendTERK
68.3%
Milder form of the Devil's abodeHECK!
64.4%

Today's Daily Dose

You're not logged in!

Compare scores with friends on all Sporcle quizzes.
Join for Free
OR
Log In

You Might Also Like...

Show Comments

Extras

Top Quizzes Today


Score Distribution

Your Account Isn't Verified!

In order to create a playlist on Sporcle, you need to verify the email address you used during registration. Go to your Sporcle Settings to finish the process.

Report this User

Report this user for behavior that violates our Community Guidelines.

Details: